000
00428nam a2200145Ia 4500
008
100204s9999 xx 000 0 und d
082
_b
22942
100
_a
सप्रे मधुवंती
245
_a
आत्मजा
260
_b
"साहित्य सेवा , औरंगाबाद"
_c
1997
300
_a
296
630
_a
आत्मजा
730
_a
आत्मजा
942
_c
BOOK
999
_c
468051
_d
468048